<?xml version="1.0" encoding="UTF-8"?>
<collection xmlns="http://www.loc.gov/MARC21/slim">
 <record>
  <leader>01406nam a2200229 a 4500</leader>
  <controlfield tag="001">TVCDKTCT11312</controlfield>
  <controlfield tag="003">Thư viện trường Cao đẳng Kỹ thuật Cao Thắng</controlfield>
  <controlfield tag="005">20090828000000</controlfield>
  <controlfield tag="008">090828</controlfield>
  <datafield tag="980" ind1="\" ind2="\">
   <subfield code="a">Thư viện Trường CĐ Kỹ Thuật Cao Thắng</subfield>
  </datafield>
  <datafield tag="024" ind1=" " ind2=" ">
   <subfield code="a">RG_1 #1 eb0 i1</subfield>
  </datafield>
  <datafield tag="041" ind1="0" ind2="#">
   <subfield code="a">vie</subfield>
  </datafield>
  <datafield tag="082" ind1="#" ind2="#">
   <subfield code="a">658 / </subfield>
   <subfield code="b">TR561đ-m</subfield>
  </datafield>
  <datafield tag="100" ind1="1" ind2="#">
   <subfield code="a">Trương Đình Chiến</subfield>
  </datafield>
  <datafield tag="245" ind1="0" ind2="0">
   <subfield code="a">Marketing trong quản trị kinh doanh /</subfield>
   <subfield code="c">Trương Đình Chiến, Tăng Văn Bến</subfield>
  </datafield>
  <datafield tag="250" ind1="#" ind2="#">
   <subfield code="a">In lần thứ 1</subfield>
  </datafield>
  <datafield tag="260" ind1="#" ind2="#">
   <subfield code="a">H. :</subfield>
   <subfield code="b">Thống kê ,</subfield>
   <subfield code="c">1998</subfield>
  </datafield>
  <datafield tag="300" ind1="#" ind2="#">
   <subfield code="a">260tr. ;</subfield>
   <subfield code="c">22cm</subfield>
  </datafield>
  <datafield tag="520" ind1="#" ind2="#">
   <subfield code="a">Cuốn sách nhấn mạnh vào tính logic của quản trị Marketting có liên quan tới các chiến lược, sách lược đối với các hoàn cảnh cạnh tranh trên thị trường. Ý niệm về marketing có hiệu quả được chú trọng xuyên suốt cuốn sách để người đọc nhận ra rằng có sự khác nhau giữa quá trình ra quyết định trực giác và quá trình ra quyết định có hiểu biết thông tin, trên cơ sở nắm vững việc lập kế hoạch và chiến lược marketing</subfield>
  </datafield>
  <datafield tag="650" ind1="#" ind2="4">
   <subfield code="a">Quản trị kinh doanh</subfield>
  </datafield>
  <datafield tag="650" ind1="#" ind2="4">
   <subfield code="a">Quản trị kinh doanh--Marketing</subfield>
  </datafield>
  <datafield tag="700" ind1="0" ind2="#">
   <subfield code="a">Tăng Văn Bến</subfield>
  </datafield>
 </record>
</collection>
